| 000 | 00484nam a22001817a 4500 | ||
|---|---|---|---|
| 003 | CEME | ||
| 005 | 20210628201835.0 | ||
| 008 | 210121b xxu||||| |||| 00| 0 eng d | ||
| 020 | _a81-203-1123-X | ||
| 040 | _cceme | ||
| 082 | _a629.89 KAN | ||
| 100 |
_aKant, Krishna _957048 |
||
| 245 | _aComputer based industrial control | ||
| 260 |
_aNEW DELHI _bPRENTICE HALL OF INDIA _c2004 |
||
| 300 | _aXIII,521P | ||
| 650 |
_aCOMPUTER BASED INDUSTRIAL CONTROL _957049 |
||
| 942 |
_cBK _2ddc |
||
| 999 |
_c567357 _d567357 |
||